Les buteurs du Portugal au Championnat d'Europe de football 2016 - Statistiques

Statistiques générales
  • Ce quiz a été pris 209 fois
  • Le résultat moyen est 8 sur 9
Statistiques - réponses
Match Minute Buteur % Correct
Hongrie - Portugal 3-3 50' Cristiano Ronaldo
100%
Hongrie - Portugal 3-3 62' Cristiano Ronaldo
100%
Portugal - Pays de Galles 2-0 50' Cristiano Ronaldo
100%
Portugal - France 1-0 (a.p.) 109' Éder
93%
Croatie - Portugal 0-1 (a.p.) 117' Ricardo Quaresma
81%
Portugal - Islande 1-1 31' Nani
75%
Hongrie - Portugal 3-3 42' Nani
75%
Portugal - Pays de Galles 2-0 53' Nani
75%
Pologne - Portugal 1-1 (a.p.) (3-5 Tirs au but) 33' Renato Sanches
60%
Aucun quiz correspondant
Distribution des résultats
% des personnes avec chaque résultat
Percentile par nombre de réponses
Votre historique - résultats
Vous n’avez pas pris ce quiz